|
|
|
|
| LEADER |
01323nam a2200301 a 4500 |
| 001 |
36268 |
| 003 |
BD-DhAAL |
| 005 |
20240109104651.0 |
| 008 |
190925t1988 njua b 001 0 eng |
| 010 |
|
|
|a 87032692
|
| 020 |
|
|
|a 0136625940 :
|c $26.00
|
| 040 |
|
|
|a DLC
|c DLC
|d DLC
|d BD-DhAAL
|
| 050 |
0 |
0 |
|a LB1025.2
|b .G92 1988
|
| 082 |
0 |
0 |
|a 370.1
|2 19
|
| 100 |
1 |
|
|a Gutek, Gerald Lee.
|9 35327
|
| 245 |
1 |
0 |
|a Philosophical and ideological perspectives on education /
|c Gerald L. Gutek.
|
| 260 |
|
|
|a Englewood Cliffs, N.J. :
|b Prentice Hall,
|c 1988.
|
| 300 |
|
|
|a xii, 323 pages :
|b illustrations ;
|c 23 cm.
|
| 504 |
|
|
|a Includes bibliographies and index.
|
| 526 |
|
|
|a BIED
|
| 541 |
|
|
|a Complimentary copy from BIED
|e 36268, 42049
|
| 650 |
|
0 |
|a Education
|x Philosophy.
|9 35328
|
| 650 |
|
0 |
|a Philosophy
|x Social Science
|9 35329
|
| 852 |
|
|
|a Ayesha Abed Library
|c General Stacks
|
| 942 |
|
|
|2 ddc
|c BK
|
| 999 |
|
|
|c 41419
|d 41419
|
| 952 |
|
|
|0 0
|1 0
|2 ddc
|4 0
|6 370_100000000000000_GUT
|7 0
|9 66518
|a BRACUL
|b BRACUL
|c GEN
|d 2019-09-25
|e Complimentary copy from BIED
|l 0
|o 370.1 GUT
|p 3010036268
|r 2019-09-25
|t 1
|w 2019-09-25
|y BK
|x Transferred from BIED to General Stacks
|
| 952 |
|
|
|0 0
|1 0
|2 ddc
|4 0
|6 370_100000000000000_GUT
|7 0
|9 74916
|a BRACUL
|b BRACUL
|c GEN
|d 2024-01-09
|e Complimentary copy from BIED
|l 0
|o 370.1 GUT
|p 3010042049
|r 2024-01-09
|t 2
|w 2024-01-09
|y BK
|x BIED-2624
|